00229nam a22001097a 4500003000400000082001700004100001400021245002700035250000800062260004100070300000800111SGT a923.254bNAI aNAIK RAM  aCHARAIVETI CHARAIVETI  a1ST aNEW DELHI bPRABHAT PRAKASHAN c2017 a266